- Engels, Friedrich,
Entry Nombre Personal
001 - NUMERO DE CONTROL
- campo de control: 21202
003 - IDENTIFICADOR DE NUMERO DE CONTROL
- campo de control: UPN
005 - FECHA Y HORA DE LA ÜLTIMA TRANSACCIÓN
- campo de control: 20220630203428.0
008 - DATOS DE LONGITUD FIJA
- campo de control de longitud fija: nabaccnnaabn|||||||||| b |nc|||||d
010 ## - NÚMERO DE CONTROL DE LA BIBLIOTECA DEL CONGRESO
- Número de control LC: n 79023029
024 7# - OTROS IDENTIFICADORES NORMALIZADOS
- Fuente: isni
- Número normalizado o código: 0000000121379599
035 ## - NUMERO DE CONTROL
- Número de control: (OCoLC)oca00256794
040 ## - FUENTE DE CATALOGACIÓN
- Lenguaje de catalogación: spa
- Agencia de transcripción: DLC
- Agencia original de catalogación: DLC
- Agencia que lo modifica: DLC
- Agencia que lo modifica: NIC
- Agencia que lo modifica: DLC-R
- Agencia que lo modifica: NcD
- Agencia que lo modifica: NNC
- Agencia que lo modifica: SG-SiILA
- Agencia que lo modifica: OCoLC
- Agencia que lo modifica: DLC
- Agencia que lo modifica: CSt
- Agencia que lo modifica: WU
- Agencia que lo modifica: NL-TiUL
- Agencia que lo modifica: MX-MxUPN
046 ## - FECHAS CON CODIFICACIÓN ESPECIAL
- Fuente del formato de fecha: edtf
- Fecha de nacimiento: 1820-11-28
- Fecha de muerte: 1895-08-05
100 1# - ENCABEZAMIENTO - NOMBRE PERSONAL
- Nombre personal: Engels, Friedrich,
- Fechas asociadas con el nombre: 1820-1895
370 ## - LUGAR ASOCIADO
- Fuente del término: naf
- Place of birth: Barmen (Wuppertal, Germany)
- Place of death: London (England)
374 ## - OCUPACIÓN
- Fuente del término: lcsh
- Occupation: Filósofo
- Occupation: Historiador
- Occupation: Economista
- Occupation: Socialista
- Occupation: Empresario
- Occupation: Periodista
- Occupation: Activista político
375 ## - GÉNERO
- Fuente del término: lcdgt
- Gender: masculino
377 ## - LENGUA ASOCIADA
- Language code: ger
400 1# - VEÁSE - NOMBRE DE PERSONA
- Personal name: Engels, Bedr̆ich,
- Dates associated with a name: 1820-1895
400 1# - VEÁSE - NOMBRE DE PERSONA
- Personal name: Engesi,
- Dates associated with a name: 1820-1895
400 1# - VEÁSE - NOMBRE DE PERSONA
- Personal name: Enhel’s, F.,
- Dates associated with a name: 1820-1895
400 1# - VEÁSE - NOMBRE DE PERSONA
- Personal name: Engels, Frederick,
- Dates associated with a name: 1820-1895
400 1# - VEÁSE - NOMBRE DE PERSONA
- Personal name: Ėngelʹs, F.
- Dates associated with a name: 1820-1895
- Fuller form of name: (Fridrikh),
400 1# - VEÁSE - NOMBRE DE PERSONA
- Personal name: Engels, Federico,
- Dates associated with a name: 1820-1895
670 ## - FUENTE EN LA QUE SE LOCALIZARON DATOS
- Cita de la fuente: T
- Información localizada: Salvat universal
670 ## - FUENTE EN LA QUE SE LOCALIZARON DATOS
- Cita de la fuente: Marx, K. The individual and society, 1984:
- Información localizada: CIP portada (Frederick Engels)
670 ## - FUENTE EN LA QUE SE LOCALIZARON DATOS
- Cita de la fuente: Marx, K. Manifest kommunisticheskoĭ partii, 1978:
- Información localizada: portada (F. Ėngelʹs) colophon (Fridrikh Ėngelʹs)
670 ## - FUENTE EN LA QUE SE LOCALIZARON DATOS
- Cita de la fuente: Wang, H.P. En-ko-ssu ti wan nien, 1883-1895, 1985:
- Información localizada: colofón (Engesi)
670 ## - FUENTE EN LA QUE SE LOCALIZARON DATOS
- Cita de la fuente: nuc89-106050: Marx, K. La guerra civil en Francia, 1968
- Información localizada: (hdg. on PrU rept.: Engels, Friedrich, 1820-1895; usage: Federico Engels)
670 ## - FUENTE EN LA QUE SE LOCALIZARON DATOS
- Cita de la fuente: Wikipedia, viewed May 10, 2021:
- Información localizada: (Friedrich Engels; sometimes anglicised as Frederick Engels; born November 28, 1820 in Barmen, Kingdom of Prussia; died August 5, 1895 in London, England); philosopher, economist, historian, political theorist, revolutionary socialist, businessman, journalist and political activist)
- Uniform Resource Identifier: https://en.wikipedia.org/wiki/Friedrich_Engels
902 ## - CATALOGADOR
- Catalogador: MMA/091097
